| 000 | 00557nam a2200205 a 4500 | ||
|---|---|---|---|
| 001 | BRCA_6183 | ||
| 005 | 20190320205349.0 | ||
| 008 | 110711s1919----gw-a######---#000-0#ger-# | ||
| 041 | _ager | ||
| 044 | _agw | ||
| 050 | 4 |
_aND588 G7 _b.K44 _c1919 |
|
| 245 | 1 | 0 |
_aMathias Gruenewald _bdas Wunder des isenheimer Altars _cHugo Kehrer |
| 260 |
_aMĂșnich _bH. Schmidt _c1919 |
||
| 300 |
_a68 p. _bil., retratos _c19 cm. |
||
| 500 | _aI46 | ||
| 650 | 1 | 4 |
_aGrunewald, Mathias _y1740-1528 _915567 |
| 650 | 1 | 4 |
_aPintores alemanes _9797 |
| 902 | _aGFM | ||
| 942 |
_2lcc _cB |
||
| 999 |
_c5870 _d5870 |
||